000
00339 a2200157 4500
001
57138
020
_a
8508072414
040
_c
Anchieta - Pituba
100
_a
Brezina, Thomas
240
1
0
_a
No templo do trovão
_l
por
245
1
0
_a
No templo do trovão
300
_a
88
362
0
_a
2002
650
4
_a
Literatura juvenil
942
_c
BK
999
_c
57138
_d
57138